Φιλοσοφικές έννοιες στη φυσική : η ιστορική σχέση μεταξύ φιλοσοφίας και επιστημονικών θεωριών

Αποθηκεύτηκε σε:
Λεπτομέρειες βιβλιογραφικής εγγραφής
Κύριος συγγραφέας: Cushing, James T., 1937-2002
Άλλοι συγγραφείς: Ορφανού, Μάρθα (trlf), Γιαννέλης, Σωτήρης (Μεταφραστής)
Μορφή: Βιβλίο
Γλώσσα:Greek
English
Δημοσίευση: Αθήνα : Leader Books, 2001.
Σειρά:Επιστημολογία και διδακτική των μαθηματικών και φυσικών επιστημών
Θέματα:
Ετικέτες: Προσθήκη ετικέτας
Δεν υπάρχουν, Καταχωρήστε ετικέτα πρώτοι!

MARC

LEADER 00000cam a2200000 i 4500
001 1/90546
008 080704s2003 gr | ||| |||| ||gre||
020 |a 9607901452 
035 |l 10098734 
040 |a GR-MyUA  |b gre  |e AACR2 
041 1 |a gre  |h eng 
082 0 |a 530.01  |2 (22) 
100 1 |a Cushing, James T.,   |d 1937-2002. 
245 1 0 |a Φιλοσοφικές έννοιες στη φυσική :   |b η ιστορική σχέση μεταξύ φιλοσοφίας και επιστημονικών θεωριών /   |c James T. Cushing ; μετάφραση Μάρθα Ορφανού, Σωτήρης Γιαννέλης ; επιμέλεια μετάφρασης Τάσος Τσιαντούλας ; επιστημονική επιμέλεια Κωνσταντίνος Σκορδούλης.  
260 |a Αθήνα :   |b Leader Books,   |c 2001.  
300 |a xx, 533 σ. :   |b εικ. ;   |c 25 εκ.  
490 1 |a (Επιστημολογία και διδακτική των μαθηματικών και φυσικών επιστημών)  
504 |a Περιέχει βιβλιογραφικές παραπομπές και ευρετήριο.  
500 |a Τίτλος πρωτοτύπου: Philosophical consepts in physics.  
650 0 0 |a Physics  |x Philosophy. 
650 0 0 |a Physics  |x History. 
650 0 0 |a Science  |x Philosophy. 
650 0 0 |a Science  |x History. 
700 1 |a Ορφανού, Μάρθα,  |e trlf 
700 1 |a Γιαννέλης, Σωτήρης,  |e trl 
830 0 |a Επιστημολογία και διδακτική των μαθηματικών και φυσικών επιστημών 
852 |a INST  |b SAMOS  |e 20080704  |h 530.01 CUS  |p 005300030244  |q 005300030244  |t BK  |y 0 
901 |a BIBL3-2008-2 
909 |a Σ  |b 141609 
922 |a 3ΕΛΗ  |b 200711  |c ΕΠΕΑΕΚ2/ΤΜΗΜΑ ΜΑΘΗΜΑΤΙΚΩΝ  |d ΠΑΤΑΚΗΣ 
970 |a ΡΟΥΣΣΟΥ  |b ΚΩΝΣΤΑΝΤΙΝΑ  |z 2008/07/04